000
00252nam a2200097Ia 4500
001
712157
005
20250826162822.0
008
250824s9999 xx 000 0 und d
245
0
_a
MÜFETTİŞLER MÜFETTİŞİ 1
_c
ORHAN KEMAL
260
_b
EVEREST YAYINLARI
999
_c
712157
_d
712157